LEADER 02203nam a2200277 4500 001 000000351922 003 CaOOAMICUS 005 20230110104752.0 008 221018s1796 fr 000 u fre r 040 $aSeMil$bita 100 11$aMontaigne, Michel : de,$d<1533-1592>.$0(OLS)http://semarc/name/10903 245 10$aEssais de Michel de Montaigne. Tome premier [-quatrième]. 264 1$aA Paris :$bChez Langlois, libraire, quai des Augustins, n. 45 : chez Gueffier Jeune, imprimeur-libraire, rue Gît-le-C?ur, n. 16,$can IV, 1796, vieux style. 300 $a4 v. ;$c8° 500 $aTitolo e partizione numerica ripetuti in ciascun volume nell'occhietto 650 4$aMontaigne, Michel : de <1533-1592> - Opere.$0(OLS)http://semarc/subject/4548 700 1 $aLanglois, Hyacinthe,$eeditore.$0(OLS)http://semarc/name/116663 700 1 $aGueffier, Pierre Charles Augustin,$eeditore.$0(OLS)http://semarc/name/116664 752 $afr$dParigi 774 0 $aMontaigne, Michel : de <1533-1592>$tTome premier.$dA Paris : Chez Langlois, libraire, quai des Augustins, n. 45 : chez Gueffier Jeune, imprimeur-libraire, rue Gît-le-C?ur, n. 16, an IV, 1796, vieux style.$w()351950 774 0 $aMontaigne, Michel : de <1533-1592>$tTome second.$dA Paris : Chez Langlois, libraire, quai des Augustins, n. 45 : chez Gueffier Jeune, imprimeur-libraire, rue Gît-le-C?ur, n. 16, an IV, 1796, vieux style.$w()351951 774 0 $aMontaigne, Michel : de <1533-1592>$tTome troisième.$dA Paris : Chez Langlois, libraire, quai des Augustins, n. 45 : chez Gueffier Jeune, imprimeur-libraire, rue Gît-le-C?ur, n. 16, an IV, 1796, vieux style.$w()351952 774 0 $aMontaigne, Michel : de <1533-1592>$tTome quatrième.$dA Paris : Chez Langlois, libraire, quai des Augustins, n. 45 : chez Gueffier Jeune, imprimeur-libraire, rue Gît-le-C?ur, n. 16, an IV, 1796, vieux style.$w()351953 996 $6245$aEssais de Michel de Montaigne. Tome premier [-quatrième]$9(OLS)http://semarc/title/441724 996 $6264$aA Paris :$bChez Langlois, libraire, quai des Augustins, n. 45 : chez Gueffier Jeune, imprimeur-libraire, rue Gît-le-C?ur, n. 16$9(OLS)http://semarc/publisher/60688 LEADER 01309nam a2200289 i 4500 001 000000072307 003 CaOOAMICUS 005 20091006000000.0 008 091006s1998 xxu u000 u eng u 013 $a43479 020 $a0-8146-6172-6 040 $aSeMil$bita 100 1 $aKilmartin, Edward John,$c.$0(OLS)http://semarc/name/435 245 14$aThe Eucharist in the West :$bhistory and theology /$cEdward J. Kilmartin ; edited by Robert J. Daly. 260 $aCollegeville (Minnesota) :$bThe Liturgical Press,$c1998. 300 $axxv, 422 p. :$b1 ritr. ;$c24 cm. 490 0 $aA pueblo book 650 4$aEucaristia - Teologia sistematica.$0(OLS)http://semarc/subject/5569 650 4$aEucaristia - Teologia - Storia.$0(OLS)http://semarc/subject/14561 700 1 $aDaly, Robert J.$0(OLS)http://semarc/name/20541 830 0$aA pueblo book.$0(OLS)http://semarc/title/11700 850 $aSeMil 852 $aSeMil$W1$xVenegono$y1$m2B III 405$j38460$B38460$CSeMilBibl$Z2$F38463 $81 961 $aAcquisto: Herder 996 $6020$a0-8146-6172-6$9(OLS)http://semarc/number/51606 996 $6245$aThe Eucharist in the West :$bhistory and theology$9(OLS)http://semarc/title/116518 996 $6260$aCollegeville (Minnesota) :$bThe Liturgical Press$9(OLS)http://semarc/publisher/32329